Christ's cabinet: (Record no. 5123)

000 -LEADER
fixed length control field 00569nam a2200181 a 4500
001 - CONTROL NUMBER
control field :::00002864$&:&@@
003 - CONTROL NUMBER IDENTIFIER
control field OkBaRHE
005 - DATE AND TIME OF LATEST TRANSACTION
control field 20000607103257.0
008 - FIXED-LENGTH DATA ELEMENTS--GENERAL INFORMATION
fixed length control field s1937 j 000 0 eng u
040 ## - CATALOGING SOURCE
Transcribing agency
100 1# - MAIN ENTRY--PERSONAL NAME
Personal name McIntyre, William A.
245 10 - TITLE STATEMENT
Title Christ's cabinet:
Remainder of title character studies of the twelve apostles.
260 ## - PUBLICATION, DISTRIBUTION, ETC. (IMPRINT)
Place of publication, distribution, etc Chicago, IL., :
Name of publisher, distributor, etc The Salvation Army Inc.
Date of publication, distribution, etc c1937
300 ## - PHYSICAL DESCRIPTION
Extent 121 p. ;
Dimensions 19 cm.
650 ## - SUBJECT ADDED ENTRY--TOPICAL TERM
Topical term or geographic name as entry element Apostles
942 ## - ADDED ENTRY ELEMENTS (KOHA)
Source of classification or shelving scheme
Koha item type Books
Copies
Source of classification or shelving scheme Price effective from Damaged status Lost status Shelving location Not for loan Date acquired Permanent Location Date last seen Koha item type Withdrawn status Barcode Copy number Full call number
 2010-04-14  General Stacks 2010-04-14RHEMA Bible Training College2018-03-16Books 28641BS 2440 .M325